00546nam a2200217Ia 4500001000900000003000500009005001700014008004100031010001100072020001800083040000900101082002100110100001400131245004500145250001100190260003200201300001100233650001800244650005000262650001600312dia_2285CHAP20230620144937.0220117s1978 xx 000 0 und d a172805 a84-302-0285-4 cCHAP a641.862 D48 1978 aDeval, A. aLa industria de los helados /c A. Deval a3a ed. aEspaña :b Sintes,c1978 a135 p. aFood industry aHelados, nieves, etc.xIndustria y comercio  aIce cream